A corrente da vida (Record no. 195002)

MARC details
000 -LÍDER
campo de controle de tamanho fixo 00280 a2200133 4500
001 - NÚMERO DE CONTROLE
campo de controle 195002
040 ## - FONTE DA CATALOGAÇÃO
Instituição que transcreveu o registro Magnum
100 ## - ENTRADA PRINCIPAL--NOME PESSOAL
Nome pessoal Carrasco, Walcyr
240 10 - TÍTULO UNIFORME
Título uniforme A corrente da vida
Idioma da obra por
245 10 - TÍTULO
Título A corrente da vida
300 ## - DESCRIÇÃO FÍSICA
Extensão 58
697 ## - ENTRADA DE ASSUNTO LOCAL--ENTIDADE COLETIVA (RLIN)
Nome corporativo ou nome da jurisdição LITERATURA JUVENIL
942 ## - ELEMENTOS DE ENTRADA ADICIONADOS (KOHA)
Tipo de material Koha Livros
Holdings
Situação do descarte Situação das perdas Situação física Não pode ser emprestado Biblioteca de origem Biblioteca atual Data de aquisição Total de empréstimos Número de chamada completo Código de barras Data de último acesso Data do preço efetivo Tipo de material Koha Fonte da classificação ou esquema de arquivamento na estante Nota pública
        Magnum Magnum 08/06/2024   869.3.1068 MAG00075704 08/06/2024 08/06/2024 Livros    
        Novo Tempo - Aureliano São José Novo Tempo - Aureliano São José 15/07/2024     fm339 15/07/2024 15/07/2024 Livros Classificação Decimal de Dewey FD2/EM